Missing Word: #1 Hits of 1998 Quiz Stats

 Plays Quiz Updated Sep 20, 2014

Challenge
Share
Tweet
Embed
Score 0/14 Timer 02:00
1 Play Today
#1 Hit Song Missing Word % Correct
My _____ Will Go OnHeart
94.1%
Gettin' _____ With ItJiggy
86.9%
I Don't Want to _____ a ThingMiss
86.7%
Truly Madly _____Deeply
86.1%
The _____ Is MineBoy
72.5%
I'm _____ AngelYour
63.9%
_____ & SlowNice
58.2%
#1 Hit Song Missing Word % Correct
_____ WeekOne
57.9%
Together _____Again
56%
Doo Wop ( _____ Thing)That
51.5%
_____ My LifeAll
37.5%
_____ CloseToo
26.9%
_____ AllMy
19.8%
The _____ NightFirst
16.3%

Today's Daily Dose

You're not logged in!

Compare scores with friends on all Sporcle quizzes.
Join for Free
OR
Log In

You Might Also Like...

Show Comments

Extras

Top Quizzes Today


Score Distribution

Your Account Isn't Verified!

In order to create a playlist on Sporcle, you need to verify the email address you used during registration. Go to your Sporcle Settings to finish the process.

Report this User

Report this user for behavior that violates our Community Guidelines.

Details: